Všeobecná chémia

Podrobná bibliografia
Hlavný autor: Krätsmár-Šmogrovič, Juraj, 1926-2011 (Autor)
Médium: Kniha
Jazyk:slovenčina
PhysicalDescription:194 strán ilustrácie, schémy, tabuľky 30 cm 1 voľná príloha (periodická sústava prvkov)
Vydavateľské údaje: V Bratislave Univerzita Komenského 1990
ISBN:8022301485
Vydanie:3. nezm. vyd.
Edícia:Vysokoškolské skriptá
Predmet:

MARC

LEADER 00000cam a2200000 a 4500
001 vtls001062128
003 SK-MaSNL
005 20260301000054.0
008 240226s1990 xo al frnp 000 0 slo
015 |a SNBA1990/06 
020 |a 8022301485  |q (brožované) 
035 |a SNK000004956 
035 |a urn:nbn:sk:snk-amlir7 
035 |a urn:nbn:sk:snk-am00bocy 
035 |a 33E7D229-8E32-44D7-A4BE-9293E7AAB23B 
040 |a SNK  |b slo  |c SNK  |e AACR2 
041 0 |a slo 
044 |a xo  |c SK 
072 7 |a 544  |x Fyzikálna chémia  |2 konspekt 
072 7 |a 37.016  |x Učebné osnovy. Vyučovacie predmety. Učebnice  |2 konspekt 
080 |a 544  |2 2011 
080 |a (075.8)  |2 2011 
245 0 0 |a Všeobecná chémia  |c Juraj Krätsmár-Šmogrovič a kolektív 
250 |a 3. nezm. vyd. 
260 |a V Bratislave  |b Univerzita Komenského  |c 1990 
300 |a 194 strán  |b ilustrácie, schémy, tabuľky  |c 30 cm  |e 1 voľná príloha (periodická sústava prvkov) 
366 |e 400 kusov 
490 1 |a Vysokoškolské skriptá 
500 |a Vydala Farmaceutická fakulta Univerzity Komenského 
500 |a Poznámky pod čiarou 
500 |a Obsahuje 12 kapitol 
504 |a Bibliografia na strane 194 
650 0 7 |a všeobecná chémia  |2 SNKPH  |9 67452 
655 7 |a učebnice vysokých škôl  |2 SNKPH  |9 70191 
700 1 |a Krätsmár-Šmogrovič, Juraj,  |d 1926-2011  |4 aut  |9 212449 
710 2 |a Univerzita Komenského v Bratislave.  |b Farmaceutická fakulta  |4 pbl 
740 0 2 |a Základné chemické pojmy a zákony 
740 0 2 |a Atómová teória 
740 0 2 |a Moderná teória chemickej väzby 
740 0 2 |a Oxidačno-redukčné reakcie 
740 0 2 |a Skupenské stavy látok 
740 0 2 |a Termochémia 
740 0 2 |a Kinetika chemických reakcií 
740 0 2 |a Chemická rovnováha 
740 0 2 |a Disperzné sústavy 
740 0 2 |a Elektrochémia 
740 0 2 |a Koordinačné zlúčeniny 
740 0 2 |a Periodický zákon a prirodzená sústava prvkov 
752 |a Slovensko  |d Bratislava 
810 2 |a Univerzita Komenského v Bratislave.  |b Farmaceutická fakulta  |t Vysokoškolské skriptá  |9 276770 
852 |a Slovenská národná knižnica 
919 |a 80-223-0148-5 
954 |a odborná, vedecká literatúra pôvodná (slovenská)  |2 lita 
958 |a RK 
958 |a TL 
958 |a NB 
958 |a OND 
958 |a UV 
958 |a EUIPO 
999 |c 531913  |d 533843 
952 |t P60, <04>, [BOOK], {604}  |a SNK  |b SNK  |y VYP  |7 0  |p 17A0095267  |o snkSB 46875 D1  |0 0  |1 0  |4 0  |d 1997-09-16  |l 0  |r 2004-12-31 00:00:00  |w 2026-02-23 
952 |a SNK  |b SNK  |y PREZ  |7 0  |p 17A0860040  |o snkSB 46875  |i snkKSP 5703/90  |z 1 voľná príloha (periodická sústava prvkov)  |0 0  |1 0  |4 0  |d 2012-07-09  |f 1  |l 0  |r 2025-02-07 00:00:00  |w 2026-02-23